Phan Bội Châu toàn tập; T7 Chu dịch

Gardado en:
Detalles Bibliográficos
Autor Principal: Phan Bội Châu
Formato: Libro
Idioma:Undetermined
Publicado: Huế Thuận Hóa 1990
Những chủ đề:
Các nhãn: Engadir etiqueta
Sen Etiquetas, Sexa o primeiro en etiquetar este rexistro!
Thư viện lưu trữ: Trung tâm Học liệu Trường Đại học Cần Thơ
LEADER 00534nam a2200181Ia 4500
001 CTU_9396
008 210402s9999 xx 000 0 und d
082 |a 895.9228208 
082 |b Ch125/T7 
100 |a Phan Bội Châu 
245 0 |a Phan Bội Châu toàn tập; T7 
245 0 |b Chu dịch 
245 0 |c Phan Bội Châu 
260 |a Huế 
260 |b Thuận Hóa 
260 |c 1990 
650 |a vietnamese literature - 20th century - collections 
980 |a Trung tâm Học liệu Trường Đại học Cần Thơ